<?xml version="1.0" encoding="UTF-8"?>
<record
    xmlns:xsi="http://www.w3.org/2001/XMLSchema-instance"
    xsi:schemaLocation="http://www.loc.gov/MARC21/slim http://www.loc.gov/standards/marcxml/schema/MARC21slim.xsd"
    xmlns="http://www.loc.gov/MARC21/slim">

  <leader>01025nam a22001697a 4500</leader>
  <datafield tag="999" ind1=" " ind2=" ">
    <subfield code="c">39083</subfield>
    <subfield code="d">39083</subfield>
  </datafield>
  <datafield tag="020" ind1=" " ind2=" ">
    <subfield code="a">9788119139071</subfield>
  </datafield>
  <datafield tag="082" ind1=" " ind2=" ">
    <subfield code="a">709.54</subfield>
    <subfield code="b">COO-I</subfield>
  </datafield>
  <datafield tag="100" ind1=" " ind2=" ">
    <subfield code="a">Coomaraswamy, Ananda K. </subfield>
    <subfield code="e">author.</subfield>
  </datafield>
  <datafield tag="245" ind1=" " ind2=" ">
    <subfield code="a">Introduction to Indian Art:</subfield>
    <subfield code="c"> Ananda K. Coomaraswamy </subfield>
  </datafield>
  <datafield tag="260" ind1=" " ind2=" ">
    <subfield code="a">New Delhi :</subfield>
    <subfield code="b">Munshiram Manoharlal Publishers, </subfield>
    <subfield code="c">2023</subfield>
  </datafield>
  <datafield tag="300" ind1=" " ind2=" ">
    <subfield code="a">116p.</subfield>
    <subfield code="b">white black illustrations, Index</subfield>
  </datafield>
  <datafield tag="520" ind1=" " ind2=" ">
    <subfield code="a">Coomaraswamy's Introduction to Indian Art traverses the historic panorama of Indian art, from its Indo-Sumerian and Vedic-Mound beginnings to the various peaks reached during the Maurya, Sunga, Andhra, Kusana and Gupta periods and beyond the seas to further India and Indonesia. It is a handbook of immense value both to the beginner and scholar alike.
This present reprint, appearing after more than half a century, has been ably edited by Mrs. Coomaraswamy and incorporates new material earmarked for the book by Coomaraswamy himself.</subfield>
  </datafield>
  <datafield tag="546" ind1=" " ind2=" ">
    <subfield code="a">English</subfield>
  </datafield>
  <datafield tag="650" ind1=" " ind2=" ">
    <subfield code="a">Art</subfield>
    <subfield code="x">History</subfield>
    <subfield code="z">india</subfield>
  </datafield>
  <datafield tag="650" ind1=" " ind2=" ">
    <subfield code="a">Indian Art</subfield>
  </datafield>
  <datafield tag="942" ind1=" " ind2=" ">
    <subfield code="2">ddc</subfield>
    <subfield code="c">BK</subfield>
  </datafield>
  <datafield tag="952" ind1=" " ind2=" ">
    <subfield code="0">0</subfield>
    <subfield code="1">0</subfield>
    <subfield code="4">0</subfield>
    <subfield code="7">0</subfield>
    <subfield code="a">NASSDOC</subfield>
    <subfield code="b">NASSDOC</subfield>
    <subfield code="d">2024-03-21</subfield>
    <subfield code="e">Rajasthani Granthagar</subfield>
    <subfield code="g">324.90</subfield>
    <subfield code="l">0</subfield>
    <subfield code="o">709.54 COO-I</subfield>
    <subfield code="p">54085</subfield>
    <subfield code="r">2024-04-22 00:00:00</subfield>
    <subfield code="v">450.00</subfield>
    <subfield code="w">2024-03-18</subfield>
    <subfield code="y">BK</subfield>
  </datafield>
</record>
